| 000 | 00693nam a2200217 a 4500 | ||
|---|---|---|---|
| 001 | 1989 | ||
| 003 | CDMR | ||
| 005 | 20131018172443.0 | ||
| 008 | 130130s1988||||||||||||||||||||||||||||d | ||
| 020 | _a8475094864 | ||
| 040 |
_aCDMR _bcat _cCDMR |
||
| 100 | 1 |
_aSohn, Ardyth _91488 |
|
| 245 | 1 | 3 |
_aLa dirección de la empresa periodística _cArdyth Sohn, Christine Ogan, John Polich |
| 260 |
_aBarcelona _c1988 _bPaidós |
||
| 300 | _a208 p. | ||
| 490 | 0 |
_aPaidós comunicación _v32 |
|
| 650 | 0 | 4 |
_93665 _aEmpreses periodístiques _xDirecció i administració |
| 650 | 0 | 4 |
_91465 _aEmpresa informativa _vDirecció i administració |
| 650 | 0 | 4 |
_9405 _aMitjans de comunicació de massa |
| 942 |
_cMON _2udc |
||
| 999 |
_c1989 _d1989 |
||